00669nam a2200193 a 450000100100000000500170001000800410002704000250006808200180009310000330011124500580014426000390020230000210024165000320026265000330029404900090032795201220033699900170045800001899120200929165910.0100521s1977 ec r 000 p spa d aDO-SdBNPbspacBNPHU a861.44bG751p1 aGranda, Euler,d1935-94086210aPoesía :bun perro tocando la lira /cEuler Granda. aQuito, Ecuador :bEspinoza,c1977. a122 p. ;c21 cm. 4aPoesía ecuatoriana913387 4aLiteratura ecuatoriana93938 aBNGR 001054708MOaGRbGRcCTd2010-05-21iLF1l0o861.44 G751pp18991-10r2020-06-25w2020-06-25y4ZPréstamo en sala c18509d18509